[Event "Mittelfrank Regionalliga Nord-West 2122"]
[Site "Mittelfranken"]
[Date "2022.05.29"]
[Round "9.2"]
[White "Stierhof, Michael"]
[Black "Stauch, Edgar"]
[Result "1-0"]
[WhiteElo "2068"]
[BlackElo "2051"]
[PlyCount "65"]
[EventDate "2021.10.24"]
[EventType "team-tourn"]
[EventRounds "9"]
[EventCountry "GER"]
[SourceTitle "EXT 2024"]
[Source "ChessBase"]
[SourceDate "2023.10.10"]
[SourceVersion "1"]
[SourceVersionDate "2023.10.10"]
[SourceQuality "1"]
[WhiteTeam "Bamberg II"]
[BlackTeam "Kronach"]
[WhiteTeamCountry "GER"]
[BlackTeamCountry "GER"]

1. e4 e6 2. d3 d5 3. Nd2 c5 4. Ngf3 Nc6 5. g3 g6 6. Bg2 Bg7 7. 0-0 Nge7 8. Re1 0-0 9. Qe2 h6 10. h4 b6 11. e5 Nf5 12. c3 a5 13. a4 Ra7 14. Nf1 f6 15. exf6 Qxf6 16. Bf4 Nxh4 17. Nxh4 g5 18. Bh3 e5 19. Bxc8 gxh4 20. Qg4 exf4 21. Re6 Ne5 22. Rxf6 Nxg4 23. Rxf8+ Bxf8 24. Bxg4 hxg3 25. fxg3 d4 26. c4 Bd6 27. Be6+ Kg7 28. gxf4 Bxf4 29. Re1 Re7 30. Re4 Bc1 31. b3 Kf6 32. Bd5 Rg7+ 33. Kf2 1-0

[Event "Mittelfrank Regionalliga Nord-West 2122"]
[Site "Mittelfranken"]
[Date "2022.03.20"]
[Round "4.2"]
[White "Pietersma, Menno"]
[Black "Stauch, Edgar"]
[Result "1/2-1/2"]
[WhiteElo "2109"]
[BlackElo "2051"]
[PlyCount "36"]
[EventDate "2021.10.24"]
[EventType "team-tourn"]
[EventRounds "9"]
[EventCountry "GER"]
[SourceTitle "EXT 2024"]
[Source "ChessBase"]
[SourceDate "2023.10.10"]
[SourceVersion "1"]
[SourceVersionDate "2023.10.10"]
[SourceQuality "1"]
[WhiteTeam "Aschaffenburg"]
[BlackTeam "Kronach"]
[WhiteTeamCountry "GER"]
[BlackTeamCountry "GER"]

1. d4 d5 2. Nf3 Nf6 3. c4 e6 4. Nc3 Be7 5. Bf4 0-0 6. Qc2 c6 7. e3 Nbd7 8. Bd3 Re8 9. a3 Nf8 10. e4 Ng6 11. Be3 dxe4 12. Nxe4 Ng4 13. h3 Nxe3 14. fxe3 e5 15. dxe5 Qc7 16. Nd6 Bxd6 17. exd6 Qxd6 18. 0-0-0 Qe7 1/2-1/2

[Event "Regionalliga Nord-West 1718"]
[Site "Bayern"]
[Date "2018.02.25"]
[Round "7.3"]
[White "Stauch, Edgar"]
[Black "Kraich, Klaus"]
[Result "1/2-1/2"]
[WhiteElo "2053"]
[BlackElo "2127"]
[PlyCount "46"]
[EventDate "2017.10.22"]
[EventType "team-tourn"]
[EventRounds "9"]
[EventCountry "GER"]
[SourceTitle "EXT 2022"]
[Source "ChessBase"]
[SourceDate "2021.10.06"]
[SourceVersion "1"]
[SourceVersionDate "2021.10.06"]
[SourceQuality "1"]
[WhiteTeam "Kronach"]
[BlackTeam "Klingenberg"]
[WhiteTeamCountry "GER"]
[BlackTeamCountry "GER"]

1. c4 e6 2. g3 d5 3. Bg2 c6 4. Qc2 Nf6 5. Nf3 Be7 6. 0-0 0-0 7. d4 Nbd7 8. b3 b6 9. Nbd2 Ba6 10. e4 Rc8 11. e5 Ne8 12. Re1 g6 13. Bf1 Ng7 14. a4 c5 15. Ba3 cxd4 16. Bxe7 Qxe7 17. Nxd4 Qc5 18. Qb2 dxc4 19. Bxc4 Bxc4 20. Nxc4 Qb4 21. Nc2 Qe7 22. Nd6 Rc5 23. f4 Nf5 1/2-1/2

[Event "Regionalliga NW 1617"]
[Site "Bayern"]
[Date "2016.10.16"]
[Round "1.2"]
[White "Shashkin, Igor"]
[Black "Stauch, Edgar"]
[Result "1/2-1/2"]
[WhiteElo "2042"]
[BlackElo "2048"]
[PlyCount "36"]
[EventDate "2016.10.16"]
[EventType "team-tourn"]
[EventRounds "9"]
[EventCountry "GER"]
[SourceTitle "EXT 2019"]
[Source "ChessBase"]
[SourceDate "2018.10.10"]
[SourceVersion "1"]
[SourceVersionDate "2018.10.10"]
[SourceQuality "1"]
[WhiteTeam "Hof PTSV"]
[BlackTeam "Kronach"]
[WhiteTeamCountry "GER"]
[BlackTeamCountry "GER"]

1. d4 d5 2. Nf3 e6 3. Bf4 Nf6 4. e3 Bd6 5. Bg3 0-0 6. Bd3 b6 7. Qe2 Bb7 8. Nbd2 c5 9. c3 Nc6 10. Ne5 Qc7 11. f4 cxd4 12. exd4 Ne7 13. 0-0 Nf5 14. Bf2 Be7 15. g4 Nd6 16. Be3 Nfe4 17. f5 f6 18. Bxe4 dxe4 1/2-1/2

[Event "Regionalliga NW 1516"]
[Site "Bayern"]
[Date "2015.12.13"]
[Round "4.2"]
[White "Jirovsky, Pavel"]
[Black "Stauch, Edgar"]
[Result "1-0"]
[WhiteElo "2325"]
[BlackElo "2053"]
[PlyCount "91"]
[EventDate "2015.10.11"]
[EventType "team-tourn"]
[EventRounds "9"]
[EventCountry "GER"]
[SourceTitle "EXT 2018"]
[Source "ChessBase"]
[SourceDate "2017.10.13"]
[SourceVersion "1"]
[SourceVersionDate "2017.10.13"]
[SourceQuality "1"]
[WhiteTeam "Bad Koenigshofen"]
[BlackTeam "Kronach"]
[WhiteTeamCountry "GER"]
[BlackTeamCountry "GER"]

1. d4 Nf6 2. Nf3 g6 3. g3 Bg7 4. Bg2 0-0 5. 0-0 d6 6. c4 Nbd7 7. Nc3 e5 8. Qc2 exd4 9. Nxd4 Nb6 10. Rd1 Nxc4 11. Ncb5 a6 12. Qxc4 axb5 13. Nxb5 Ne8 14. Nc3 c6 15. e4 Qa5 16. Be3 Bg4 17. Re1 Be6 18. Qd3 b5 19. Bd4 Bc4 20. Qd2 f6 21. Bh3 b4 22. Ne2 Bxe2 23. Rxe2 c5 24. Be3 Kh8 25. Be6 Qa6 26. Rc1 Nc7 27. Bc4 Qb6 28. Rd1 Rfd8 29. h4 Qc6 30. Bf4 Bf8 31. f3 Rab8 32. Kg2 Nb5 33. Be3 h5 34. Qd3 Kh7 35. Red2 Be7 36. Bd5 Qe8 37. Rg1 Bf8 38. Bc4 Nc7 39. Kf2 Bh6 40. Rgd1 Bxe3+ 41. Qxe3 Ne6 42. Rxd6 Rxd6 43. Rxd6 Nd4 44. Rxf6 Rb7 45. Qg5 Rc7 46. Bf7 1-0

[Event "Regionalliga NW 1314"]
[Site "Bayern"]
[Date "2014.03.16"]
[Round "8.1"]
[White "Stauch, Edgar"]
[Black "Shashkin, Igor"]
[Result "1/2-1/2"]
[WhiteElo "2073"]
[BlackElo "2106"]
[PlyCount "28"]
[EventDate "2013.10.13"]
[EventType "team-tourn"]
[EventRounds "9"]
[EventCountry "GER"]
[SourceTitle "EXT 2015"]
[Source "ChessBase"]
[SourceDate "2014.11.20"]
[SourceVersion "1"]
[SourceVersionDate "2014.11.20"]
[SourceQuality "1"]
[WhiteTeam "Kronach"]
[BlackTeam "Hof"]
[WhiteTeamCountry "GER"]
[BlackTeamCountry "GER"]

1. c4 g6 2. g3 Bg7 3. Nc3 e5 4. Bg2 d6 5. e4 Nc6 6. Nge2 f5 7. d3 Nf6 8. 0-0 0-0 9. Nd5 h6 10. Rb1 Ne7 11. Nxe7+ Qxe7 12. exf5 gxf5 13. f4 e4 14. d4 d5 1/2-1/2

[Event "Regionalliga NW 1213"]
[Site "Bayern"]
[Date "2013.01.13"]
[Round "5.1"]
[White "Hofstetter, Hans Joachim"]
[Black "Stauch, Edgar"]
[Result "1-0"]
[WhiteElo "2096"]
[BlackElo "2040"]
[PlyCount "55"]
[EventDate "2012.10.14"]
[EventType "team-tourn"]
[EventRounds "9"]
[EventCountry "GER"]
[SourceTitle "EXT 2015"]
[Source "ChessBase"]
[SourceDate "2014.11.20"]
[SourceVersion "1"]
[SourceVersionDate "2014.11.20"]
[SourceQuality "1"]
[WhiteTeam "Bad Neustadt"]
[BlackTeam "Kronach"]
[WhiteTeamCountry "GER"]
[BlackTeamCountry "GER"]

1. e4 e6 2. d4 d5 3. e5 c5 4. c3 Nc6 5. Nf3 Qb6 6. a3 c4 7. h4 f6 8. Nbd2 fxe5 9. Nxe5 Nxe5 10. dxe5 Bc5 11. Qh5+ g6 12. Qe2 h5 13. Nf3 Bd7 14. Bg5 Nh6 15. Qc2 Nf5 16. Bf6 Rg8 17. Ng5 Nh6 18. f3 Nf5 19. g4 Ne3 20. Qe2 d4 21. cxd4 Bxd4 22. Rh2 c3 23. Ne4 cxb2 24. Rb1 Qa5+ 25. Qd2 Nc2+ 26. Kd1 Qxa3 27. Nd6+ Kf8 28. Qh6+ 1-0

[Event "Regionalliga NW 1213"]
[Site "Bayern"]
[Date "2012.12.09"]
[Round "4.1"]
[White "Stauch, Edgar"]
[Black "Urytskyy, Arkadiy"]
[Result "1/2-1/2"]
[WhiteElo "2040"]
[BlackElo "2053"]
[PlyCount "25"]
[EventDate "2012.10.14"]
[EventType "team-tourn"]
[EventRounds "9"]
[EventCountry "GER"]
[SourceTitle "EXT 2015"]
[Source "ChessBase"]
[SourceDate "2014.11.20"]
[SourceVersion "1"]
[SourceVersionDate "2014.11.20"]
[SourceQuality "1"]
[WhiteTeam "Kronach"]
[BlackTeam "Kirchenlaibach"]
[WhiteTeamCountry "GER"]
[BlackTeamCountry "GER"]

1. c4 c5 2. g3 Nf6 3. Bg2 d5 4. cxd5 Nxd5 5. Nc3 Nc7 6. Nf3 Nc6 7. 0-0 e5 8. d3 Be7 9. Bd2 Be6 10. Rc1 f6 11. Ne4 b6 12. a3 Qd7 13. Qa4 1/2-1/2

[Event "Regionalliga NW 1213"]
[Site "Bayern"]
[Date "2012.10.14"]
[Round "1.1"]
[White "Shashkin, Igor"]
[Black "Stauch, Edgar"]
[Result "0-1"]
[WhiteElo "2102"]
[BlackElo "2040"]
[PlyCount "86"]
[EventDate "2012.10.14"]
[EventType "team-tourn"]
[EventRounds "9"]
[EventCountry "GER"]
[SourceTitle "EXT 2015"]
[Source "ChessBase"]
[SourceDate "2014.11.20"]
[SourceVersion "1"]
[SourceVersionDate "2014.11.20"]
[SourceQuality "1"]
[WhiteTeam "Hof"]
[BlackTeam "Kronach"]
[WhiteTeamCountry "GER"]
[BlackTeamCountry "GER"]

1. e4 e6 2. d4 d5 3. e5 c5 4. c3 Nc6 5. Nf3 Qb6 6. Be2 cxd4 7. cxd4 Nh6 8. Bxh6 Qxb2 9. Be3 Qxa1 10. Qb3 Nb4 11. a3 Qa2 12. Qxa2 Nxa2 13. Bd1 Bd7 14. Bb3 Rc8 15. Bxa2 Ba4 16. Bd2 Rc2 17. Nc3 Bxa3 18. Bb1 Rb2 19. 0-0 Bd7 20. Bd3 Bb4 21. Nb1 Bxd2 22. Nfxd2 Bb5 23. Bxb5+ Rxb5 24. Nc3 Rb4 25. Rb1 Rxb1+ 26. Ncxb1 Kd7 27. Kf1 Kc6 28. Ke2 Kb5 29. Kd3 Rc8 30. Nc3+ Kb4 31. Na2+ Ka3 32. Nc3 a6 33. Kc2 Kb4 34. Ndb1 Rc4 35. Kd3 a5 36. f4 a4 37. f5 Ka5 38. Na3 Rb4 39. g4 Rb3 40. Nab1 b5 41. Kc2 b4 42. Nxd5 exd5 43. Kd2 Kb6 0-1

[Event "Regionalliga NW 1112"]
[Site "Bayern"]
[Date "2012.01.15"]
[Round "5.1"]
[White "Stauch, Edgar"]
[Black "Schindler, Viktor"]
[Result "1/2-1/2"]
[WhiteElo "2089"]
[BlackElo "2137"]
[PlyCount "23"]
[EventDate "2011.10.02"]
[EventType "team-tourn"]
[EventRounds "9"]
[EventCountry "GER"]
[SourceTitle "EXT 2013"]
[Source "ChessBase"]
[SourceDate "2012.11.22"]
[SourceVersion "1"]
[SourceVersionDate "2012.11.22"]
[SourceQuality "1"]
[WhiteTeam "Kronach"]
[BlackTeam "Hof"]
[WhiteTeamCountry "GER"]
[BlackTeamCountry "GER"]

1. c4 Nf6 2. Nc3 d5 3. cxd5 Nxd5 4. g3 g6 5. Bg2 Nb6 6. d3 Bg7 7. Be3 0-0 8. Qd2 Nc6 9. Bxc6 bxc6 10. Bh6 c5 11. Bxg7 Kxg7 12. Nf3 1/2-1/2

[Event "Oberfranken-ch"]
[Site "Lichtenfels"]
[Date "2012.01.04"]
[Round "4.4"]
[White "Schwarzmann, Tobias"]
[Black "Stauch, Edgar"]
[Result "0-1"]
[WhiteElo "2015"]
[BlackElo "2199"]
[PlyCount "86"]
[EventDate "2012.01.03"]
[EventType "swiss"]
[EventRounds "7"]
[EventCountry "GER"]
[SourceTitle "EXT 2019"]
[Source "ChessBase"]
[SourceDate "2018.10.10"]
[SourceVersion "1"]
[SourceVersionDate "2018.10.10"]
[SourceQuality "1"]

1. d4 d5 2. Nf3 e6 3. Bf4 Bd6 4. Bxd6 Qxd6 5. c3 Nf6 6. Nbd2 0-0 7. e3 c5 8. Bd3 Nc6 9. 0-0 e5 10. dxe5 Nxe5 11. Nxe5 Qxe5 12. Nf3 Qe7 13. Qa4 h6 14. Qh4 Re8 15. c4 dxc4 16. Bxc4 Bd7 17. Rfd1 Bc6 18. Qf4 Rad8 19. Bb3 Nd5 20. Qf5 g6 21. Qg4 Kg7 22. Rac1 b5 23. h4 c4 24. Bc2 Nf6 25. Qh3 Bxf3 26. Qxf3 Qb4 27. Rb1 Rxd1+ 28. Qxd1 Qa5 29. a3 Rd8 30. Qc1 Rd2 31. f3 c3 32. Bb3 Rxb2 33. Rxb2 cxb2 34. Qxb2 Qe1+ 35. Kh2 Qxh4+ 36. Kg1 Qe1+ 37. Kh2 Qxe3 38. Ba2 Qf4+ 39. Kg1 a6 40. Qc3 h5 41. Qb3 Nd7 42. Qd5 Qe3+ 43. Kf1 Ne5 0-1

[Event "Regionalliga NW 1011"]
[Site "Bayern"]
[Date "2011.02.27"]
[Round "7.1"]
[White "Stauch, Edgar"]
[Black "Kuenstler, Christian"]
[Result "1/2-1/2"]
[WhiteElo "2079"]
[BlackElo "2066"]
[PlyCount "66"]
[EventDate "2010.10.10"]
[EventType "team-tourn"]
[EventRounds "9"]
[EventCountry "GER"]
[SourceTitle "EXT 2012"]
[Source "ChessBase"]
[SourceDate "2011.11.24"]
[SourceVersion "1"]
[SourceVersionDate "2011.11.24"]
[SourceQuality "1"]
[WhiteTeam "Kronach"]
[BlackTeam "Mainaschaff"]
[WhiteTeamCountry "GER"]
[BlackTeamCountry "GER"]

1. c4 c6 2. Nf3 d5 3. b3 Nf6 4. g3 Bg4 5. Ne5 Bf5 6. Bb2 Nbd7 7. Nxd7 Qxd7 8. Bg2 Bh3 9. Bf3 d4 10. e4 d3 11. Rg1 h5 12. Nc3 e5 13. Bg2 Bg4 14. f3 Bc5 15. fxg4 Bxg1 16. g5 Ng8 17. h4 0-0-0 18. Qf3 f6 19. Qf1 Kb8 20. Qxg1 fxg5 21. hxg5 Qg4 22. Qe3 h4 23. Nd1 Re8 24. Nf2 Qxg3 25. Qxg3 hxg3 26. Nxd3 Rh5 27. Bxe5+ Kc8 28. Bf4 Ne7 29. Bf3 Rh7 30. 0-0-0 Ng6 31. Bg4+ Kd8 32. Bf5 Nxf4 33. Bxh7 Nxd3+ 1/2-1/2